000
00291nam a22001337a 4500
008
170615b xxu||||| |||| 00| 0 eng d
020
_a
0201032465
041
_a
eng
080
_a
32
100
_a
19
101
_a
SHP
245
_a
PEOPLE, POWER,& POLITICS
_c
DONOVAN,J.C
942
_2
udc
_c
BK
999
_c
17620
_d
17620